Occupational options : (Record no. 960)
[ view plain ]
| 000 -LEADER | |
|---|---|
| fixed length control field | 00917cam a2200289 a 4500 |
| 001 - CONTROL NUMBER | |
| control field | 960 |
| 003 - CONTROL NUMBER IDENTIFIER | |
| rucl marc code | BD-RjUL |
| 005 - DATE AND TIME OF LATEST TRANSACTION | |
| control field | 20211208233246.0 |
| 008 - FIXED-LENGTH DATA ELEMENTS--GENERAL INFORMATION | |
| fixed length control field | 131124s1970 onc 000 0 eng |
| 020 ## - INTERNATIONAL STANDARD BOOK NUMBER | |
| International Standard Book Number | 091929068X |
| 035 ## - SYSTEM CONTROL NUMBER | |
| System control number | (BD-RjUL) 982 |
| 040 ## - CATALOGING SOURCE | |
| Original cataloging agency | DLC |
| Transcribing agency | DLC |
| Modifying agency | DLC |
| -- | BD-RjUL |
| Language of cataloging | eng |
| 041 ## - LANGUAGE CODE | |
| Language code of text/sound track or separate title | eng |
| 082 00 - DEWEY DECIMAL CLASSIFICATION NUMBER | |
| Classification number | 331.702 |
| Edition number | 22 |
| Author mark and year | GAO 1970 |
| 100 1# - MAIN ENTRY--PERSONAL NAME | |
| Personal name | Gaymer, Rosemary D. |
| 9 (RLIN) | 2840 |
| 245 10 - TITLE STATEMENT | |
| Title | Occupational options : |
| Remainder of title | a cross reference for students / |
| Statement of responsibility, etc. | by Rosemary Gaymer. |
| 246 ## - VARYING FORM OF TITLE | |
| Title proper/short title | Career planning & job hunting [a resource book for present and prospective university and college students, |
| 260 ## - PUBLICATION, DISTRIBUTION, ETC. (IMPRINT) | |
| Place of publication, distribution, etc. | Toronto : |
| Name of publisher, distributor, etc. | Maclean-Hunter, |
| Date of publication, distribution, etc. | c1970. |
| 300 ## - PHYSICAL DESCRIPTION | |
| Pagination | various pagings ; |
| Size | 23 cm. |
| 350 ## - PRICE (NR) (BK AM CF MU VM SE) [OBSOLETE] | |
| Price | $4.95 |
| 650 #0 - SUBJECT ADDED ENTRY--TOPICAL TERM | |
| Topical term or geographic name as entry element | Counseling in higher education. |
| 9 (RLIN) | 2841 |
| Topical term or geographic name as entry element | Vocational guidance. |
| 9 (RLIN) | 2842 |
| Topical term or geographic name as entry element | Occupations. |
| 9 (RLIN) | 2843 |
| 942 ## - ADDED ENTRY ELEMENTS (KOHA) | |
| Source of classification or shelving scheme | Dewey Decimal Classification |
| Koha item type | Books |
| Lost status | Source of classification or shelving scheme | Damaged status | Not for loan | Collection code | Permanent Location | Current Location | Shelving location | Date acquired | Cost, normal purchase price | Total Checkouts | Full call number | Date last seen | Copy number | Koha item type | Source of acquisition |
|---|---|---|---|---|---|---|---|---|---|---|---|---|---|---|---|
| Dewey Decimal Classification | Not For Loan | Non-fiction | Central Library, University of Rajshahi | Central Library, University of Rajshahi | Reading Room | 29/01/1991 | 0.00 | 331.702 GAO 1970 | 24/11/2013 | C-1 | Books | ||||
| Dewey Decimal Classification | Non-fiction | Central Library, University of Rajshahi | Central Library, University of Rajshahi | 12/08/1991 | 331.702 GAO 1970 | 06/02/2014 | C-2 | Books | Canada Govt. Gift |